| 000 | 00455nam a2200169Ia 4500 | ||
|---|---|---|---|
| 008 | 230524s9999 xx 000 0 und d | ||
| 020 | _a9788126530397 | ||
| 082 |
_a621.31042 _bBOL |
||
| 100 | _aMath H.J.Bollen | ||
| 245 | 0 | _aUnderstanding Power Quality Problems (Voltage Sags and Interruptions) | |
| 250 | _a1 | ||
| 260 |
_aNew Delhi _bJ.Wiley _c2013 |
||
| 300 | _axiii;543p. | ||
| 500 | _aQuantity Number: 4 | ||
| 650 | _aElectrical | ||
| 942 | _cBK | ||
| 999 |
_c52354 _d52354 |
||